MARC

LEADER 00000nam0a2200000 4500
001 293394
005 20231102000605.0
035 |a (RuTPU)RU\TPU\book\318407 
090 |a 293394 
100 |a 20150429d1983 km y0rusy50 ca 
101 0 |a rus 
102 |a RU 
105 |a a z 101zy 
200 1 |a Термодинамика и структура гидрокомплексов в растворах  |e материалы III Всесоюзного совещания  |f Ленинградский государственный университет (ЛГУ) ; под ред. В. В. Пальчевского, К. А. Буркова 
210 |a Ленинград  |c Изд-во Ленинградского ун-та  |d 1983 
215 |a 205 с.  |c ил. 
320 |a Библиография в конце статей 
606 1 |a Комплексообразование в растворах  |2 stltpush  |3 (RuTPU)RU\TPU\subj\15028  |9 41326 
610 1 |a совещания 
610 1 |a гидрокомплексы 
610 1 |a структура 
610 1 |a термодинамика 
610 1 |a аква-ионы 
610 1 |a гидролиз 
610 1 |a ионы 
610 1 |a металлы 
675 |a 546-386-14(063)  |v 4 
702 1 |a Пальчевский  |b В. В.  |4 340 
702 1 |a Бурков  |b К. А.  |4 340 
712 0 2 |a Ленинградский государственный университет (ЛГУ)  |c (1924-1991)  |2 stltpush  |3 (RuTPU)RU\TPU\col\77 
801 1 |a RU  |b 63413507  |c 20150429 
801 2 |a RU  |b 63413507  |c 20181012  |g RCR 
942 |c BK